000 00730nam a2200229 i 4500
001 bg
100 1 _aORZECHOWSKI, Zdzisław
245 0 _aĆwiczenia audytoryjne z mechaniki płynów /
_cZdzisław Orzechowski, Paweł Wiewiórski.
250 _aWyd. 5.
260 _aŁódź :
_bPŁ,
_c1993.
300 _a459 s. :
_brys., wykr. ;
_c21 cm.
490 1 _aSkrypty dla Szkół Wyższych / Politechnika Łódzka
504 _aBibliogr. s. 498-499.
700 1 _aWIEWIÓRSKI, Paweł
710 _aPOLITECHNIKA ŁÓDZKA (Łódź)
830 0 _aSkrypty dla Szkół Wyższych (Politechnika Łódzka)
040 _cBPK
041 _apol
080 _a532(075.8)(076)
942 _cKS
008 s pl f |000 0 pol
999 _c6368
_d6368
856 _uhttp://koha.tu.koszalin.pl/cgi-bin/koha/opac-detail.pl?biblionumber=6368
_yKatalog online BPK